|
|
|
|
| LEADER |
00000nab a2200000 a 4500 |
| 001 |
vtls010149290 |
| 003 |
SK-MaSNL |
| 005 |
20260305025353.0 |
| 008 |
250507|2009 xo ||||||||||||00 b|slo |
| 015 |
|
|
|a SNBRA2010/09
|2 snkbucl
|
| 035 |
|
|
|a (uuid)31ccd240-6c1c-4221-8abf-9ee491ca84c2
|
| 035 |
|
|
|a urn:nbn:sk:snk-ab16vy
|
| 035 |
|
|
|a (urnnbn)urn:nbn:sk:snk:ar-a03onq
|
| 038 |
|
|
|a SNKBUCL
|
| 040 |
|
|
|a SNKBUCL
|b slo
|c SNKBUCL
|e AACR2
|
| 041 |
0 |
|
|a slo
|b eng
|b ger
|
| 044 |
|
|
|a xo
|c SK
|
| 080 |
|
|
|a 615.838
|x (437.6)
|x (091)
|2 2001
|
| 100 |
1 |
|
|a Bôbová, Mária,
|d 1980-
|4 aut
|9 125948
|
| 245 |
1 |
0 |
|a Kúpele v Banskej Bystrici
|c Mária Bôbová
|
| 300 |
|
|
|b Mapa
|
| 504 |
|
|
|a Bibliogr. odkazy
|
| 546 |
|
|
|a Res. angl., nem.
|
| 650 |
0 |
7 |
|a kúpele
|2 snkbucl
|9 1139
|
| 650 |
0 |
7 |
|a kúpeľníctvo
|2 snkbucl
|9 1140
|
| 650 |
0 |
7 |
|a balneoterapia
|2 snkbucl
|9 1141
|
| 650 |
0 |
7 |
|a dejiny kúpeľníctva
|2 snkbucl
|9 263415
|
| 651 |
|
7 |
|a Banská Bystrica (Slovensko)
|2 snkbucl
|9 22015
|
| 655 |
|
7 |
|a štúdie
|2 snkbucl
|9 57033
|
| 773 |
0 |
|
|t Kniha 2009
|d Martin : Slovenská národná knižnica, 2009
|g S. 265-272
|x 1336-5436
|z 9788089301386
|
| 850 |
|
|
|a Slovenská národná knižnica
|
| 852 |
|
|
|a Slovenská národná knižnica
|
| 954 |
|
|
|a odborná, vedecká literatúra pôvodná (slovenská)
|2 lita
|
| 958 |
|
|
|a article27
|
| 958 |
|
|
|a NB
|
| 958 |
|
|
|a OND
|
| 958 |
|
|
|a EUIPO
|
| 999 |
|
|
|c 3305421
|d 3307351
|